000 00442 a2200169 4500
001 187898
020 _a978-85-359-1000-1
040 _cMagnum
100 _aCarvalho, Ruy Duarte de
240 1 0 _aOs papéis do inglês ou o ganguela do coice
_lpor
245 1 0 _aOs papéis do inglês ou o ganguela do coice
300 _a183
362 0 _a2007
440 1 _aCompanhia das Letras
697 _aLITERATURA GERAL ESTRANGEIRA
942 _cBK
999 _c187898
_d187898